000 00772nam a2200217 i 4500
001 120294
003 ES-MaACL
005 20250927123250.0
007 t|
008 070214s1973 sp a |||| | spa d
080 _a821.581-1
245 0 0 _aPoesía china
_b: del siglo XXII A.C. a las canciones de la Revolución Cultural /
_cselección, traducción, prólogo, comentarios y notas de Marcela de Juan.
260 _aMadrid :
_bAlianza,
_c1973.
300 _a365 p. :
_bil. ;
_c18 cm.
490 1 _aEl libro de bolsillo.
_aLiteratura ;
_v472
650 4 _aPoesías chinas
_916208
700 1 _aJuan, Marcela de,
_d1905-1981
_967096
830 0 3 _aEl libro de bolsillo.
_pLiteratura
_v472
_9180913
852 _aES-MaACL
_jC-54595
999 _c120294
_d120294